书目信息 |
| 题名: |
家居十字绣
|
|
| 作者: | ;朱利峰 编 ;长袜子传媒工作室 编 | |
| 分册: | ||
| 出版信息: | 北京 中国纺织出版社 2005 |
|
| 页数: | 54,67页 | |
| 开本: | 26cm | |
| 丛书名: | 休闲绣坊 | |
| 单 册: | ||
| 中图分类: | J523.6 | |
| 科图分类: | ||
| 主题词: | 刺绣--中国--图集 | |
| 电子资源: | ||
| ISBN: | 7-5064-3336-2 | |
| 000 | 00944nam0 2200265 450 | |
| 001 | TS2006030400 | |
| 005 | 20070119105628.79 | |
| 010 | @a7-5064-3336-2@dCNY25.00 | |
| 100 | @a20060829d2005 em y0chiy0110 ea | |
| 101 | 0 | @achi |
| 102 | @aCN@b110000 | |
| 105 | @aa z 000yy | |
| 200 | 1 | @a家居十字绣@Ajia ju shi zi xiu@f长袜子传媒工作室,朱利峰编@FChang Wa Zi Chuan Mei Gong Zuo Shi, Zhu Li Feng Bian |
| 210 | @a北京@c中国纺织出版社@d2005 | |
| 215 | @a54,67页@c图@d26cm | |
| 225 | 2 | @a休闲绣坊 |
| 330 | @a共分为三部分:第一部分为彩色照片,直观地表现了十字绣的图案及用途;第二部分为彩色线图;第三部分为黑白制作线图,较清晰地标示了制作技法。 | |
| 410 | 0 | @12001 @a休闲绣坊 |
| 510 | 1 | @aHome Stitch@zeng |
| 606 | 0 | @a刺绣@x中国@y图集 |
| 690 | @aJ523.6@v4 | |
| 702 | 0 | @a朱利峰@Azhu li feng@4编 |
| 711 | 02 | @a长袜子传媒工作室@Achang wa zi chuan mei gong zuo shi@4编 |
| 801 | 0 | @aCN@b中图数据@c20070119 |
| 905 | @a10447@dJ523.6@e199 | |
| 家居十字绣/长袜子传媒工作室,朱利峰编.-北京:中国纺织出版社,2005 |
| 54,67页:图;26cm.-(休闲绣坊) |
| ISBN 7-5064-3336-2:CNY25.00 |
| 共分为三部分:第一部分为彩色照片,直观地表现了十字绣的图案及用途;第二部分为彩色线图;第三部分为黑白制作线图,较清晰地标示了制作技法。 |
| ● |
| 相关链接 |
|
|
|
|
正题名:家居十字绣
索取号:J523.6/199
 
预约/预借
| 序号 | 登录号 | 条形码 | 馆藏地/架位号 | 状态 | 备注 |
| 1 | 0614094 | 206140941 | 第一样本阅览室/ [索取号:J523.6/199] | 在馆 | |
| 2 | 0614095 | 206140950 | 第一借阅区/ [索取号:J523.6/199] | 在馆 | |
| 3 | 0614097 | 206140978 | 第一借阅区/ [索取号:J523.6/199] | 在馆 | |
| 4 | 0614098 | 206140987 | 第一借阅区/ [索取号:J523.6/199] | 在馆 |